| 000 | 00952nam a22003617a 4500 | ||
|---|---|---|---|
| 001 | BR9704055 | ||
| 003 | BR-BrBNA | ||
| 005 | 20230928095707.0 | ||
| 007 | ta | ||
| 008 | 230509b bl.||||| |||| 00| 0 por d | ||
| 040 |
_aBR-BrBNA _bpor _cBiblioteca Nacional de Agricultura |
||
| 041 | _a(Por) | ||
| 072 |
_aL02; L52 _b5212 _b1910 |
||
| 090 | _ 5212 BR9704055 | ||
| 100 | 1 | _aPinheiro, D.M. | |
| 100 | 1 | _aSantos Filho, L.F. | |
| 100 | 1 | _aRocha, F.H.S. da | |
| 100 | 1 | _aBatista, D.S. | |
| 100 | 1 | _aQueiroz, H.J. | |
| 110 | 1 | _aDepartamento Nacional de Obras Contra as Secas, Fortaleza, CE (Brasil) | |
| 245 | 1 | _aCompeticao de pastagem | |
| 260 | 3 |
_aFortaleza, CE (Brasil): _c1975. |
|
| 300 | _a13 p. | ||
| 650 | _aBovino | ||
| 650 | _aPastagem | ||
| 650 | _aGanho de Peso | ||
| 650 | _aFisiologia Animal | ||
| 650 | _aCarcaca | ||
| 650 | _aCarne | ||
| 650 | _aRendimento | ||
| 909 |
_a202309 _bLucia _c55 _dLucia Elande |
||
| 942 | _cBK | ||
| 999 |
_c58126 _d58126 |
||